LEADER 01561nam 2200361 450 001 9910688226103321 005 20230628234321.0 035 $a(CKB)5400000000043730 035 $a(NjHacI)995400000000043730 035 $a(EXLCZ)995400000000043730 100 $a20230628d2021 uy 0 101 0 $aeng 135 $aur||||||||||| 181 $ctxt$2rdacontent 182 $cc$2rdamedia 183 $acr$2rdacarrier 200 10$aCurrent Topics and Emerging Issues in Malaria Elimination /$fAlfonso J. Rodriguez-Morales 210 1$aLondon :$cIntechOpen,$d2021. 215 $a1 online resource (334 pages) 311 $a1-83968-485-2 330 $aMalaria is one of the most important tropical diseases in the history of the world. This vector-borne disease has been a significant cause of morbidity and mortality in tropical countries of Africa, Asia, and Latin America. As such, this book provides updated information on epidemiological and public health research of malaria conducted in the last decade. Over four sections, chapters discuss such topics as diagnosis, epidemiology and surveillance, policy and prevention, and vector control and vaccines. 606 $aMalaria 606 $aMalaria$xPrevention 615 0$aMalaria. 615 0$aMalaria$xPrevention. 676 $a616.9362 700 $aRodriguez-Morales$b Alfonso J.$01368570 801 0$bNjHacI 801 1$bNjHacl 906 $aBOOK 912 $a9910688226103321 996 $aCurrent Topics and Emerging Issues in Malaria Elimination$93394449 997 $aUNINA LEADER 01115nam0 22002891i 450 001 UON00386270 005 20231205104551.680 010 $a90-7462-305-0 100 $a20101125d1995 |0itac50 ba 101 $afre 102 $aBE 105 $a|||| ||||| 200 1 $aHistoire de la monnaie$edes origines au 18e siècle. 1. : Introduction$ede l'antiquité au treizième siècle$fGeorges Depeyrot 210 $aWetteren$cMoneta$d1995 215 $a207 p.$d30 cm 410 1$1001UON00162504$12001 $aCollection Moneta$v2 606 $aMoneta$xStoria$3UONC033332$2FI 620 $dWetteren (BE)$3UONL002449 676 $a332.49$cMoneta. Storia e geografia$v21 700 1$aDEPEYROT$bGeorges$3UONV059146$0140674 712 $aMoneta$3UONV265207$4650 801 $aIT$bSOL$c20250530$gRICA 899 $aSIBA - SISTEMA BIBLIOTECARIO DI ATENEO$2UONSI 912 $aUON00386270 950 $aSIBA - SISTEMA BIBLIOTECARIO DI ATENEO$dSI J 327 $eSI MC 34217 7 996 $aHistoire de la monnaie$9283997 997 $aUNIOR